000 00441nam a2200169Ia 4500
005 20240715024242.0
008 240331s9999 xx 000 0 und d
020 _a8170361664
082 _a200.042
_bDHR
100 _aDhruvarajan, V
245 0 _aHindu women and the power of ideology
260 _aNew Delhi
_bVistaar Publications
_c1989
300 _aviii, 168 p .,
650 _aHindu Society
650 _aSocial psychology
942 _cL
999 _c780
_d780